00513nam a22001577a 4500008004100000020001500041082001500056100002000071245009900091260001700190300000900207700001800216942001200234999001500246952009400261230717b xxu||||| |||| 00| 0 eng d a9231028928 a370.1bREI cFernado Reimers a Education, adjustment and reconstruction:options for changebA UNESCO policy discussion paper bUNESCOc1993 a116p cLuis Tiburcio 2ddccBK c3978d3978 00102ddc4070a002b002d2023-07-17l0o370.1 REIp10011412r2023-07-17w2023-07-17yBK